| 000 | 00585nam a22001815i 4500 | ||
|---|---|---|---|
| 001 | 158076 | ||
| 003 | ES-MaACL | ||
| 005 | 20230906211003.0 | ||
| 008 | 010503s1900 sp |||| | spa d | ||
| 040 |
_aCCPB | B _bspa _cCCPB | B |
||
| 100 | 1 |
_aLópez Tuero, Fernando. _9129231 |
|
| 245 | 1 | 0 |
_aUnitarismo de la patria española / _cFernando López Tuero. |
| 260 |
_aMadrid : _b[s.n.], _c1900 ( _fest. tipográfico de Ricardo Fé) |
||
| 300 |
_a156 p. ; _c18 cm. |
||
| 650 | 4 |
_aNacionalismo- _zEspaña. _915447 |
|
| 752 |
_aEspaña - _dMadrid |
||
| 852 |
_aES-MaACL _jD-3683 _z-- Rust. |
||
| 999 |
_c158076 _d158076 |
||